000 00304nam a2200121Ia 4500
008 240624s9999 xx 000 0 und d
041 _aeng
082 _a658.4092 WEI
100 _aWEINMAN JOE
245 _aDIGITAL DISCIPLINES ATTAINING MARKET LEA
260 _c2016
_aNew Delhi
_bWiley
365 _cRS
_b33
999 _c26536
_d26536